Statistics for Countries Whose Leaders Have Addressed Irish Parliament

Click here to take the quiz!

General Stats

  • This quiz has been taken 40 times
  • The average score is 6 of 8

Answer Stats

No. of AddressesCountryLeader(s)% Correct
1United KingdomTony Blair (1998)
100%
4United StatesJoe Biden (2023), Bill Clinton (1995), Ronald Reagan (1984), John F. Kennedy (1963)
100%
1GermanyHelmut Kohl (1996)
97%
1FranceFrançois Mitterrand (1988)
94%
3AustraliaJohn Howard (2006), Paul Keating (1993), Bob Hawke (1987)
73%
4European UnionUrsula von der Leyen (2022), Jean-Claude Juncker (2018), Michel Barnier (2017), Martin Schulz (2012)
67%
1South AfricaNelson Mandela (1990)
61%
1UkraineVolodymyr Zelenskyy (2022)
58%

Score Distribution

Percentile by Number Answered

Percent of People with Each Score

Your Score History

You have not taken this quiz